000 00512cam a2200217 4500
001 D6908
008 090401t1978 xxu||||| |||| 00| 0 eng d
020 _a0406284644
035 _a(Sirsi) u3861
041 _aeng
050 _a346.4104344
_c18
100 _aMagnus, S. W.
245 4 _aThe Rent Act 1977
260 _aLondon
_bButterworths
_c1978
300 _axxi, 713p.
_c25cm.
350 _a34
650 _aRENT ACT 1977
690 _aLandlord and tenant
_96252
942 _n0
948 _c04/03/1997
999 _c85951
_d85951